000 00766nam a2200265Ia 4500
003 OSt
005 20220928122347.0
006 a|||||r|||| 00| 0
007 ta
008 220927b |||||||| |||| 00| 0 eng d
020 _c890
024 _a118334
037 _b259, 26/11/2012, Classic Book Service
_cTextual
040 _aSDCL
_cSDCL
_beng
041 _2eng
_aeng
082 _aBobG, P4
100 _aAllman Elizabeth S
_9457743
245 0 _aMathematical Models in Biology
260 _aNew Delhi
_bCUP
_c2004
300 _axiv,370p
_ccm.
650 _aI I C
700 _a Rhodes John A
_9457744
942 _hBobG, P4
_cTEXL
_2CC
999 _c771173
_d771173